Contemporary mathematics in context (Record no. 22223)

000 -LEADER
fixed length control field 00798com a2200217Ia 4500
020 ## - INTERNATIONAL STANDARD BOOK NUMBER
ISBN 1570398860
040 ## - CATALOGING SOURCE
Transcribing agency NKM
082 ## - DEWEY DECIMAL CLASSIFICATION NUMBER
Classification number CON YOR 2001 C102 Or.
245 00 - TITLE STATEMENT
Title Contemporary mathematics in context
Remainder of title a unified approach.
260 ## - PUBLICATION, DISTRIBUTION, ETC. (IMPRINT)
Place of publication New York :
Name of publisher Glencoe/McGraw-Hill,
Year of publication c2001
300 ## - PHYSICAL DESCRIPTION
Number of Pages 1 kit :
Other physical details ill. ;
Dimensions in box, 25 x 31 x 18 cm
500 ## - GENERAL NOTE
General note "Core-Plus Mathematics Project"--Cover
500 ## - GENERAL NOTE
General note "Algebra and functions; statistics and probability; geometry and trigonometry; discrete mathematics"--Cover
500 ## - GENERAL NOTE
General note Title from t.p., teacher's guide
500 ## - GENERAL NOTE
General note Assessment resources, part B published by Everyday Learning, c1998
500 ## - GENERAL NOTE
General note K-12 textbooks
650 #0 - SUBJECT ADDED ENTRY--TOPICAL TERM
Topical Term Mathematics
700 1# - ADDED ENTRY--PERSONAL NAME
Personal name Coxford, Arthur F
710 2# - ADDED ENTRY--CORPORATE NAME
Corporate name or jurisdiction name as entry element Core-Plus Mathematics Project
942 ## - ADDED ENTRY ELEMENTS (KOHA)
Koha item type ADB
952 ## - LOCATION AND ITEM INFORMATION (KOHA)
Withdrawn status [LOCAL, KOHA] 0
Holdings
Permanent Location Date acquired Koha item type Lost status Shelving location Barcode Current Location Full call number
Library Block C2023-11-21ADB C102a15942Library Block CCON YOR 2001 C102 Or.
មជ្ឈមណ្ឌលឯការនៃសាកលវិទ្យាល័យភូមិន្ទកសិកម្មចំការដូង

Powered by Koha